Statistiques concernant Michael Jackson de A à Z

Cliquez ici pour prendre le quiz!

Statistiques générales

  • Ce quiz a été pris 183 fois
  • Le résultat moyen est 13 sur 26

Statistiques - réponses

LettreIndiceRéponse% Correct
ANationalité de Michael JacksonAméricain
98%
MPas de danse popularisé par Michael JacksonMoonwalk
84%
TAlbum de Michael Jackson, le plus vendu de l'histoireThriller
81%
JSœur de Michael Jackson, en duo avec l'artiste sur le single "Scream"Janet Jackson
69%
NNom du ranch privé de Michael JacksonNeverland
69%
PMichael Jackson a été gravement brûlé à la tête en tournant une publicité pour cette marque en 1984Pepsi
69%
VMaladie de la peau contractée par Michael Jackson dans les années 1980Vitiligo
64%
DAlbum comprenant les titres "Jam", "Black or White" ou encore "In the Closet"Dangerous
63%
HChanson caritative sortie en 1992, centrée sur l'espoir et les générations futuresHeal the World
59%
OPremier album de Michael Jackson avec son label mentionné plus hautOff the Wall
53%
LNom de la première femme de Michael Jackson, fille d'Elvis PresleyLisa-Marie Presley
49%
QProducteur de Michael Jackson sur plusieurs albums, dont "Bad"Quincy Jones
49%
IDernier album de Michael Jackson, sorti en 2001Invincible
46%
STitre en duo avec Paul McCartney, sorti en 1983Say Say Say
46%
BNom de son chimpanzé de compagnieBubbles
44%
UChanteur américain présent pour le concert des 30 ans de carrière solo de Michael Jackson en 2001Usher
44%
XAlbum studio posthume sorti en 2014Xscape
43%
G
Ville de naissance de Michael Jackson
Gary
41%
YClip musical sorti en 2001 avec Chris Tucker et Marlon BrandoYou Rock My World
39%
RClip musical sorti en 1992 avec Eddie Murphy et Magic JohnsonRemember the Time
38%
KNom de la mère de Michael JacksonKatherine Jackson
34%
WLieu d'un concert de Michael Jackson en 1988, dont le spectacle est disponible en DVDWembley
32%
ZMichael Jackson est déguisé en ce personnage dans un clip populaireZombie
31%
CCourt métrage réalisé par Francis F. Coppola, diffusé dans les parcs DisneyCaptain EO
24%
ELabel de musique qui signe Michael Jackson en 1975Epic Records
21%
FLieu où se trouve la sépulture de Michael JacksonForrest Lawn Memorial Park
4%

Distribution des résultats

Percentile par nombre de réponses

% des personnes avec chaque résultat

Votre développement - résultats

Vous n’avez pas pris ce quiz